000
00255nam a2200097Ia 4500
001
683933
005
20250826161448.0
008
250824s9999 xx 000 0 und d
245
0
_a
EINSTEIN VE TAM GÜNEŞ TUTULMASI
_c
PETER COLES
260
_b
EVEREST YAYINLARI
999
_c
683933
_d
683933